000 02122nam0a2200373 4500
001 RU\NLR\bibl\58829
005 20260406155245.0
010 _a5-88914-107-4
_98000
021 _aRU
_b98-47421
_92286
035 _a(NLR Aleph) 000057377
090 _a310843
_c310843
100 _a19991116d1998 |||y0rusy50 ca
101 0 _arus
102 _aRU
105 _ay |||||||||
200 1 _aГражданский процесс
_eУчеб. для студентов юрид. вузов и фак.
_f[Аргунов В.Н., к.ю.н., доц., Борисова Е.А., к.ю.н., Иванова С.А., к.ю.н., доц. и др.]
_gПод ред. засл. деят. науки Рос. Федерации, д.ю.н., проф. Треушникова М.К.
205 _a2-е изд., испр. и доп.
210 _aМ.
_cСпарк
_cГородец
_d1998
215 _a543 с.
_d21
320 _aБиблиогр.: с. 535 и в подстроч. прим.
606 0 _aГражданский процесс
_jРуководства, пособия и т.п.
_yРоссийская Федерация
_92079368
_3RU\NLR\auth\661255247
606 0 _aГражданский процесс
_jУчебные издания для высшей школы
_yРоссийская Федерация
_92079368
_3RU\NLR\auth\661255247
686 _aХ629.2я73
701 1 _4070
_8rus
_7ca
_aАргунов
_bВ. Н.
_f1949-2001
_gВладимир Николаевич
_3RU\NLR\AUTH\777478
_9117412
701 1 _4070
_8rus
_7ca
_aБорисова
_bЕ. А.
_cд-р юрид. наук
_f1966-
_gЕлена Александровна
_3RU\NLR\AUTH\774421
_9114402
701 1 _4070
_8rus
_7ca
_aИванова
_bС.А.
_cканд. юрид. наук.
_gСерафима Александровна
_3RU\NLR\auth\7725730
_98775
702 1 _4340
_8rus
_7ca
_aТреушников
_f1938-2021
_bМ. К.
_gМихаил Константинович
_3RU\NLR\AUTH\777483
_9117417
801 0 _aRU
_bNLR
_c19991116
_gPSBO
801 1 _aRU
_bNLR
_c19991116
852 _aNLR
_j99-5/3624
942 _cBOOK
980 _aNB